[Event "Yerevan op"]
[Site "Yerevan"]
[Date "1996.??.??"]
[Round "10"]
[White "Asrian, Karen"]
[Black "Razuvaev, Yuri S"]
[Result "1/2-1/2"]
[WhiteElo "2310"]
[BlackElo "2580"]

1.e4 c5 2.Nf3 Nc6 3.d4 cxd4 4.Nxd4 e6 5.Nc3 Qc7 6.Be2 a6 7.O-O b5 8.Nxc6 dxc6
9.a4 Rb8 10.Be3 Be7 11.axb5 cxb5 12.Qd4 Nf6 13.Qa7 Qxa7 14.Bxa7 Ra8 15.Bd4 Bb7
16.Bf3 b4 17.Na4 Rd8 18.c3 Nxe4  1/2-1/2

[Event "Yerevan ol (Men)"]
[Site "Yerevan"]
[Date "1996.??.??"]
[Round "11"]
[White "Rojas, Luis"]
[Black "Watanabe, Akira"]
[Result "1/2-1/2"]
[WhiteElo "2355"]
[BlackElo "2275"]

1.e4 c5 2.Nc3 e6 3.Nge2 Nc6 4.d4 cxd4 5.Nxd4 d6 6.Be2 Nf6 7.Be3 a6 8.f4 Be7
9.O-O O-O 10.Qe1 Nxd4 11.Bxd4 b5 12.a3 Bb7 13.Qg3 Qc7 14.Rae1 Rad8 15.Bd3 e5
16.fxe5 Nh5 17.Qe3 dxe5 18.Bb6 Qc8 19.Nd5 Bxd5 20.exd5 Rde8 21.Rf5 Nf6 22.d6 Bd8
23.Bxd8 Qxd8 24.Rxe5 Rxe5 25.Qxe5 Re8 26.Qg3 Rxe1+ 27.Qxe1 Qxd6 28.Kh1 g6
29.h3 Nh5 30.Qe3 Ng3+ 31.Kg1 h5 32.Qe8+ Kg7 33.Qe3 h4  1/2-1/2

[Event "Yerevan ol (Women)"]
[Site "Yerevan"]
[Date "1996.??.??"]
[Round "12"]
[White "Ciganikova, Andrea"]
[Black "Sheldon, Ruth"]
[Result "1/2-1/2"]
[WhiteElo "2105"]
[BlackElo "2230"]

1.e4 c5 2.Nf3 e6 3.d4 cxd4 4.Nxd4 Nc6 5.Nc3 Qc7 6.Be2 a6 7.O-O Nf6 8.Be3 Bb4
9.Na4 O-O 10.Nxc6 bxc6 11.Nb6 Rb8 12.Nxc8 Rfxc8 13.Bxa6 Rd8 14.Bd3 Bd6 15.f4 e5
16.f5 Rxb2 17.g4 Qa5 18.g5 Bc5 19.Bxc5 Qxc5+ 20.Kh1 Ne8 21.f6 g6 22.Qg4 d5
23.Qh4 Nc7 24.Qh6 Ne6 25.Rf3 Qf8 26.Qxf8+ Kxf8 27.h4 Nc5 28.Re3 Rb4 29.Rae1 d4
30.Rh3 Ne6 31.a3 Rb2 32.Ra1 Nf4 33.Rf3 Ra8 34.Rff1 Rab8 35.Rfc1 h6 36.a4 hxg5
37.hxg5 Nh3 38.a5 Nxg5 39.a6 Ke8 40.Ra5 Kd7 41.Rxe5 Ne6 42.Ra5 Nf4  1/2-1/2

[Event "Yerevan ol (Men)"]
[Site "Yerevan"]
[Date "1996.??.??"]
[Round "13"]
[White "Reefat bin Satter"]
[Black "Ruzele, Darius"]
[Result "0-1"]
[WhiteElo "2465"]
[BlackElo "2520"]

1.e4 c5 2.Nf3 e6 3.d4 cxd4 4.Nxd4 Nc6 5.Nc3 Qc7 6.Be2 a6 7.O-O Nf6 8.Kh1 Nxd4
9.Qxd4 Bc5 10.Qd3 b5 11.f4 Bb7 12.Bf3 O-O 13.e5 Ne8 14.Bxb7 Qxb7 15.Ne4 Be7
16.Be3 Qc6 17.Bd4 d5 18.Ng5 g6 19.c3 h6 20.Nf3 Ng7 21.g4 b4 22.Qe3 Kh7 23.cxb4 Bxb4
24.Rfc1 Qb7 25.Rg1 Rh8 26.Qb3 Rab8 27.Rg3 Be7 28.Qxb7 Rxb7 29.Rc1 Ra8 30.Rg2 g5
31.fxg5 hxg5 32.Bc5 Rc8 33.b4 Rxb4 34.Be3 Rxc1+ 35.Bxc1 Kg6 36.h3 Rc4 37.Be3 Ne8
38.Rb2 Nc7 39.Kg2 Nb5 40.Kf2 f6 41.Ke2 f5 42.gxf5+ exf5 43.Nd2 Ra4 44.Kf3 f4
45.Bf2 Kf5 46.Rc2 Nd4+ 47.Bxd4 Rxd4 48.Ke2 Bb4 49.Nf3 Re4+ 50.Kf2 Rc4 51.Re2 Bc5+
52.Kg2 Be3 53.Rb2 d4  0-1

[Event "Yerevan ol (Men)"]
[Site "Yerevan"]
[Date "1996.??.??"]
[Round "13"]
[White "Mrva, Martin"]
[Black "Haba, Petr"]
[Result "1-0"]
[WhiteElo "2410"]
[BlackElo "2485"]

1.e4 c5 2.Nf3 e6 3.Nc3 Nc6 4.d4 cxd4 5.Nxd4 Qc7 6.Be3 a6 7.Bd3 Nf6 8.O-O Ne5
9.h3 Bc5 10.Na4 Ba7 11.c4 d6 12.Rc1 O-O 13.b3 Bd7 14.Nc3 Rac8 15.Bb1 Qb8
16.Qe2 Ng6 17.Rfd1 Rfd8 18.Bg5 Rc5 19.Nf3 b5 20.cxb5 axb5 21.b4 Rc7 22.Bd3 h6
23.Bxf6 gxf6 24.Qd2 Kg7 25.Ne2 Rxc1 26.Rxc1 d5 27.exd5 Be8 28.Bxg6 fxg6 29.Ned4 Bxd4
30.Nxd4 Qb6 31.Qe3 Kg8 32.Qxe6+ Qxe6 33.Nxe6 Rxd5 34.Nc7 Re5 35.a3 Kf7 36.Kf1 Re4
37.Re1 Rxe1+ 38.Kxe1 Bc6 39.g3 g5 40.Kd2 Ke7 41.Na6 Kd6 42.Nc5 Bg2 43.h4 Bc6
44.Ke3 Ke5 45.Nb3 Be8 46.Nd4 Bd7 47.Ne2 Be8 48.Nc3 Bd7 49.Ne2 Be8 50.Nd4 Bd7
51.f4+ gxf4+ 52.gxf4+ Kd5 53.Ne2 Bf5 54.Ng3 Bc2 55.Nf1 Bf5 56.Nd2 Bc2 57.Nf3 Bf5
58.Nd4 Bd7 59.Kd3 Be8 60.Nb3 Bg6+ 61.Ke3 Bf5 62.Nc5 Bc2 63.Na6 Bg6 64.Nc7+ Kc4
65.Ne6 Bf5 66.Ng7 Bg6 67.f5 Bf7 68.Ne6 Kd5 69.Nc7+ Kc6 70.Na6 Kd5 71.Kf4 Kd4
72.Nc5 Kc4 73.Ne4 Kb3 74.Nxf6 Kxa3 75.Ng4 Kxb4 76.Nxh6 Ba2 77.f6 Kc3 78.f7 Bxf7
79.Nxf7 b4 80.Nd6 b3 81.Ne4+ Kd4 82.Nd2 b2 83.Nb1 Kd3 84.Na3 Kc3 85.Ke3  1-0

[Event "Yerevan ol (Women)"]
[Site "Yerevan"]
[Date "1996.??.??"]
[Round "13"]
[White "Velcheva, Maria"]
[Black "Epstein, Esther"]
[Result "1/2-1/2"]
[WhiteElo "2260"]
[BlackElo "2245"]

1.e4 c5 2.Nf3 e6 3.d4 cxd4 4.Nxd4 Nc6 5.Nc3 d6 6.Be2 Nf6 7.O-O Be7 8.Be3 O-O
9.f4 Qc7 10.Kh1 Rd8 11.Qe1 Nxd4 12.Bxd4 e5 13.Be3 exf4 14.Bxf4 Be6 15.Qg3 Nd7
16.Nb5 Qxc2 17.Bd3 Qxb2 18.Rfb1 Qf6 19.Nxd6 Nc5 20.Bc2 Qh4 21.Qxh4 Bxh4 22.Nxb7  1/2-1/2

[Event "Yerevan ol (Women)"]
[Site "Yerevan"]
[Date "1996.??.??"]
[Round "14"]
[White "Makropoulou, Marina"]
[Black "Bojkovic, Natasa"]
[Result "1/2-1/2"]
[WhiteElo "2250"]
[BlackElo "2405"]

1.e4 c5 2.Nf3 e6 3.d4 cxd4 4.Nxd4 Nc6 5.Nc3 Qc7 6.g3 a6 7.Bg2 d6 8.O-O Bd7
9.Re1 Be7 10.a4 Nf6 11.b3 O-O 12.Bb2 Rac8 13.h3 h6 14.Nde2 Nb4 15.Nf4 b5
16.axb5 axb5 17.Re2 Rb8 18.Nb1 Rfc8 19.e5 Ne8 20.c3 Nc6 21.exd6 Bxd6 22.Na3 Rd8
23.c4 bxc4 24.Nxc4 Be7 25.Rd2 Bf6 26.Bxf6 Nxf6 27.Qf3 Nb4 28.Nh5 Nxh5 29.Qxh5 Bc6
30.Rxd8+ Qxd8 31.Ne5 Be8 32.Rd1 Qe7 33.Qg4 Rc8 34.Nc4 Rd8 35.Rxd8 Qxd8 36.Ne5 Qd6
37.Nc4 Qd8 38.Qe2 Bc6 39.Bxc6 Nxc6 40.Kg2 Qd5+ 41.f3 Nd4 42.Qe3 Qc5 43.Qf4 Qa7
44.Qe3 Qa1 45.Qd2 h5 46.h4 g6 47.b4 Qa7 48.Qb2 Qd7 49.Nd2 Qd5  1/2-1/2

[Event "Zadar op"]
[Site "Zadar"]
[Date "1996.??.??"]
[Round "?"]
[White "Ljubicic, Filip"]
[Black "Cebalo, Miso"]
[Result "1/2-1/2"]
[WhiteElo "2360"]
[BlackElo "2495"]

1.e4 c5 2.Nf3 e6 3.d4 cxd4 4.Nxd4 Nc6 5.Nc3 d6 6.Bc4 Nf6 7.O-O Be7 8.Bb3 Bd7
9.Kh1 Na5 10.f4 Nxb3 11.axb3 O-O 12.e5 Ne8 13.Qf3 Qc7 14.Be3 a6 15.Qg3 dxe5
16.fxe5 Bc6 17.Nxc6 Qxc6 18.Ra4 b5 19.Rg4 f5 20.exf6 Rxf6 21.Re1 Rf7 22.b4 Rd8
23.h3 Nf6 24.Rd4 Rxd4 25.Bxd4 Bxb4 26.Qe5 Nd7 27.Qxe6 Qxe6 28.Rxe6 Rf4 29.Re4 Rf1+
30.Kh2 Bd6+ 31.g3 Nc5 32.Bxc5 Bxc5 33.Re2 Bb4 34.Kg2 Ra1 35.Rd2 Bxc3 36.bxc3 Kf7
37.Rd7+ Kf6 38.Ra7 Ra2 39.Kf3 Rxc2 40.Rxa6+ Ke5 41.Ra3 Kd5 42.Rb3 Kc4 43.Rb4+ Kc5
44.Rb3 Ra2 45.Ke3 g5 46.Rb4 Rc2 47.Kd3 Rg2 48.Rg4 h6 49.h4 gxh4 50.Rxh4 Rxg3+
51.Kc2 Rg6 52.Rh5+ Kb6 53.Kb3 Ka5 54.Rh3 Rc6 55.Rh5  1/2-1/2

[Event "Zalakaros op"]
[Site "Zalakaros"]
[Date "1996.??.??"]
[Round "1"]
[White "Albert, Kornelia"]
[Black "Bairachny, Ruslan"]
[Result "0-1"]
[WhiteElo "2095"]
[BlackElo "2315"]

1.e4 c5 2.Nf3 e6 3.d4 cxd4 4.Nxd4 Nc6 5.Nc3 Qc7 6.f4 a6 7.Be3 b5 8.Bd3 Bb7
9.Nxc6 Qxc6 10.Bd4 b4 11.Ne2 Nf6 12.Bxf6 gxf6 13.Ng3 Bc5 14.Qh5 Bd4 15.Rb1 Bxb2
16.O-O Bd4+ 17.Kh1 a5 18.Bb5 Qc5 19.Rbd1 O-O-O 20.Qxf7 Rdf8 21.Qh5 Qxh5 22.Nxh5 Bc3
23.Ng3 d5 24.Bd3 Rhg8 25.exd5 Bxd5 26.Bxh7 Rxg3 27.hxg3 Rh8 28.f5 Rxh7+ 29.Kg1 Kc7
30.fxe6 Bxe6 31.Rf4 Rd7 32.Rxd7+ Kxd7 33.Kf2 a4 34.Ke3 a3  0-1

[Event "Zalakaros op"]
[Site "Zalakaros"]
[Date "1996.??.??"]
[Round "8"]
[White "Pugachov, Alexey"]
[Black "Horvath, Jozsef"]
[Result "0-1"]
[WhiteElo "2445"]
[BlackElo "2505"]

1.e4 c5 2.Nf3 e6 3.d4 cxd4 4.Nxd4 Nc6 5.Nc3 Qc7 6.Be3 a6 7.Bd3 Nf6 8.O-O Ne5
9.h3 Bc5 10.Kh1 d6 11.f4 Ng6 12.a4 O-O 13.Qe2 Bd7 14.Nb3 Bxe3 15.Qxe3 Bc6
16.Rfd1 Rac8 17.Ne2 Rfe8 18.Nd2 Ne7 19.b4 Qb8 20.b5 axb5 21.axb5 Bd7 22.Nc4 d5
23.Nb6 dxe4 24.Nxc8 Ned5 25.Qd4 exd3 26.Rxd3 Rxc8 27.c4 Ne7 28.Ng3 Ng6 29.Ne4 Nxe4
30.Qxe4 Be8 31.Rd4 Nxf4 32.Rad1 Nh5 33.Qg4 Ng3+ 34.Kg1 f5 35.Qf3 Nh5  0-1

[Event "Zaragoza op"]
[Site "Zaragoza"]
[Date "1996.??.??"]
[Round "1"]
[White "Fernandez Garcia, Jose L"]
[Black "Razuvaev, Yuri S"]
[Result "1/2-1/2"]
[WhiteElo "2465"]
[BlackElo "2580"]

1.e4 c5 2.Nf3 e6 3.d4 cxd4 4.Nxd4 Nc6 5.Nc3 Qc7 6.Be2 a6 7.O-O b5 8.Nxc6 dxc6
9.f4 Bb7 10.Bf3 Be7 11.Qd4 Nf6 12.e5 Nd7 13.Qf2 O-O 14.Be3 c5 15.Rad1 Rad8
16.Ne4 Bd5 17.Nc3 Bc6 18.Ne4 Bd5 19.Nc3 Bxf3 20.Qxf3 Nb6 21.b3 b4 22.Rxd8 Rxd8
23.Ne4 Nd5 24.Bf2 c4 25.Bg3 cxb3 26.cxb3 g6 27.Qf2 Rc8 28.Bh4 Bc5 29.Qxc5 Qxc5+
30.Nxc5 Rxc5 31.g3 Kf8 32.Rf2 Ke8 33.Rd2 Kd7 34.Kf2 Kc6 35.Bg5 h5 36.Bh6 Rc3
37.Bf8 a5 38.Kg2 Kb5 39.Bd6 a4 40.bxa4+ Kxa4 41.Kf2 Kb5 42.Kg2 Ra3 43.Kh3 Nxf4+
44.Kh4 Nd5 45.Rf2 Ra7 46.Bb8 Rb7 47.Bd6 Kc4 48.h3 Kd3 49.Rb2 Kc3 50.Rb3+ Kc4
51.Rf3 Ra7 52.Rf2 Nc3 53.Rf4+ Kd5 54.Rxb4 Ne4 55.Rb5+ Kc6 56.Rb3 f5 57.Ba3 Kd5
58.Rd3+ Kc4 59.Rf3 Nd2 60.Rf4+ Kd5 61.Bc1 Ne4 62.Rf1 Rxa2 63.Bf4 Ra8 64.Rd1+ Kc6
65.Rd3 Rg8 66.Bg5 Rg7 67.Rd8 Rd7 68.Rg8  1/2-1/2

[Event "Zaragoza op"]
[Site "Zaragoza"]
[Date "1996.??.??"]
[Round "2"]
[White "Spraggett, Kevin"]
[Black "Franco Ocampo, Zenon"]
[Result "1/2-1/2"]
[WhiteElo "2545"]
[BlackElo "2470"]

1.e4 c5 2.Nf3 Nc6 3.d4 cxd4 4.Nxd4 e6 5.Nc3 Qc7 6.Be3 a6 7.Bd3 Nf6 8.O-O Ne5
9.h3 Bc5 10.f4 Nc6 11.Nf5 Bxe3+ 12.Nxe3 d6 13.Rf2 O-O 14.g4 b5 15.g5 Nd7
16.Qd2 Bb7 17.Raf1 Rad8 18.Ne2 Nc5 19.Ng3 d5  1/2-1/2

[Event "Zaragoza op"]
[Site "Zaragoza"]
[Date "1996.??.??"]
[Round "6"]
[White "Knezevic, Bojan"]
[Black "De la Riva Aguado, Oscar"]
[Result "1/2-1/2"]
[WhiteElo "2380"]
[BlackElo "2470"]

1.e4 c5 2.Nf3 Nc6 3.d4 cxd4 4.Nxd4 e6 5.Nc3 Qc7 6.Be2 a6 7.O-O Nf6 8.Kh1 Bb4
9.Qd3 Bxc3 10.bxc3 Ne5  1/2-1/2

[Event "Zaragoza op"]
[Site "Zaragoza"]
[Date "1996.??.??"]
[Round "7"]
[White "Knezevic, Bojan"]
[Black "Paramos Dominguez, Roberto"]
[Result "0-1"]
[WhiteElo "2380"]
[BlackElo "2415"]

1.e4 c5 2.Nf3 e6 3.Nc3 Nc6 4.d4 cxd4 5.Nxd4 Qc7 6.f4 a6 7.Be2 d6 8.Be3 Nf6
9.O-O Be7 10.Qe1 O-O 11.Qg3 Bd7 12.Kh1 Kh8 13.Rad1 Rac8 14.a3 b5 15.e5 dxe5
16.fxe5 Qxe5 17.Bf4 Qc5 18.Nb3 Qa7 19.Be3 Qc7 20.Nc5 Nb8 21.Nxd7 Qxg3 22.hxg3 Nbxd7
23.g4 h6 24.g5 hxg5 25.Bxg5 Bxa3 26.bxa3 Rxc3 27.Rd4 Rfc8 28.a4 Rxc2 29.Bd3 R2c5
30.Bd2 Kg8 31.axb5 axb5 32.Rb1 Ne5 33.Bxb5 Rb8 34.Rdb4 Nd5 35.R4b2 Nc4 36.Bxc4 Rxb2
37.Rxb2 Rxc4 38.Kg1 Kh7 39.Kf2 Kg6 40.Kf3 Rd4 41.Ke2 Rg4 42.Kf3 Rd4  0-1

[Event "Zaragoza op"]
[Site "Zaragoza"]
[Date "1996.??.??"]
[Round "8"]
[White "Fernandez Garcia, Jose L"]
[Black "Lalic, Bogdan"]
[Result "1/2-1/2"]
[WhiteElo "2465"]
[BlackElo "2575"]

1.e4 c5 2.Nf3 e6 3.d4 cxd4 4.Nxd4 Nc6 5.Nc3 Qc7 6.Be2 a6 7.O-O Nf6 8.Be3 Be7
9.f4 d6 10.Bf3 O-O 11.Nxc6 bxc6 12.Na4 Bb7 13.c4 c5 14.Nc3 Nd7 15.Qd2 Rad8
16.Rad1 Nb8 17.Qf2 Nc6 18.Kh1 Rfe8 19.Bh5 Rf8 20.Bf3 Rfe8 21.Bh5 Rf8  1/2-1/2

[Event "Hallsberg opJ32"]
[Site "Hallsberg"]
[Date "1997.01.02"]
[Round "6"]
[White "Gavrikov, Viktor"]
[Black "Kelly, Bryan"]
[Result "1-0"]
[WhiteElo "2605"]
[BlackElo "2395"]

1.e4 c5 2.Nf3 e6 3.Nc3 Nc6 4.d4 cxd4 5.Nxd4 d6 6.Be3 Nf6 7.f4 Be7 8.Qf3 Qc7
9.O-O-O a6 10.g4 Nd7 11.Bg2 Rb8 12.g5 Na5 13.Kb1 b5 14.f5 Ne5 15.Qh3 Nec4
16.Bc1 b4 17.Nce2 e5 18.Nb3 Nxb3 19.cxb3 Nb6 20.Be3 Bd7 21.Qf3 Bf8 22.h4 a5
23.Ng3 a4 24.Bxb6 Qxb6 25.Bf1 h6 26.Bc4 Bb5 27.Bd5 hxg5 28.hxg5 Rxh1 29.Rxh1 Rc8
30.g6 f6 31.bxa4 Bxa4 32.Bb3 Bb5 33.Rd1 Qc5 34.Ne2 Rc7 35.Nc1 Bc6 36.Nd3 Qd4
37.Nf2 Qb6 38.Qe2 Qc5 39.Qd2 Be7 40.Rc1 Qa7 41.Bf7+ Kd7 42.Be6+ Ke8 43.Rc4 Qa8
44.Bf7+ Kd7 45.Rxb4 Qa7 46.a3 Kd8 47.Bd5  1-0

[Event "RUS-Cup4"]
[Site "Perm"]
[Date "1997.02.10"]
[Round "3"]
[White "Kotsur, Pavel"]
[Black "Fominyh, Alexander"]
[Result "1-0"]
[WhiteElo "2480"]
[BlackElo "2545"]

1.e4 c5 2.Nf3 e6 3.d4 cxd4 4.Nxd4 Nc6 5.Nc3 Qc7 6.Be2 a6 7.O-O Bc5 8.Nb3 Be7
9.a4 Nf6 10.Be3 b6 11.f4 O-O 12.Bf3 Rd8 13.Qe2 d5 14.exd5 exd5 15.Rad1 Nb4
16.Kh1 Bf5 17.Nd4 Be4 18.Bf2 Re8 19.Bxe4 dxe4 20.Nxe4 Nxe4 21.Qxe4 Bf6 22.Qf5 Rad8
23.c3 Nd5 24.Bg1 h6 25.Qg4 Kh7 26.Qf3 Kh8 27.Nf5 Ne7 28.Ne3 b5 29.axb5 axb5
30.Ng4 Ng8 31.Nxf6 Nxf6 32.Bd4 Ne4 33.Qh5 f6 34.Qxb5 Rb8 35.Qh5 Qc4 36.Rfe1 Re7
37.Kg1 Rbe8 38.f5 Qd5 39.Rc1 Kg8 40.Qg4 Kf8 41.b4 Kf7 42.h3 Kg8 43.Qf4 Kh7
44.Kh2  1-0

[Event "RUS-Cup4"]
[Site "Perm"]
[Date "1997.02.12"]
[Round "5"]
[White "Varavin, Viktor"]
[Black "Fominyh, Alexander"]
[Result "1/2-1/2"]
[WhiteElo "2505"]
[BlackElo "2545"]

1.e4 c5 2.Nf3 Nc6 3.d4 cxd4 4.Nxd4 e6 5.Nc3 Qc7 6.Be2 a6 7.O-O Nf6 8.Be3 Bb4
9.Na4 Be7 10.c4 d6 11.Nc3 Ne5 12.Rc1 O-O 13.f4 Ng6 14.f5 Ne5 15.Kh1 h6 16.Qe1 Nh7
17.Qg3 Bg5 18.Bxg5 hxg5 19.Nf3 Nxf3 20.Rxf3 Re8 21.Bd3 Qc5 22.Qg4 exf5 23.exf5 Bd7
24.Nd5 Qa5 25.b4 Qxa2 26.Qh5 Qd2 27.Rcf1 g4 28.Qxg4 Re1 29.Rg3 Rxf1+ 30.Bxf1 Qh6
31.Ne7+ Kf8 32.Rh3 Qf6 33.Rxh7 Kxe7 34.Qe4+ Qe5 35.Qh4+ Qf6 36.Qe4+ Qe5 37.Qh4+ Qf6
38.Qe4+ Qe5 39.Qh4+ Qf6 40.Qe1+ Qe5 41.Qh4+  1/2-1/2

[Event "RUS-Cup4"]
[Site "Perm"]
[Date "1997.02.14"]
[Round "7"]
[White "Sergeev, Nickolay"]
[Black "Sidorova, Elena"]
[Result "0-1"]
[WhiteElo "2330"]
[BlackElo "2150"]

1.e4 c5 2.Nf3 e6 3.d4 cxd4 4.Nxd4 Nc6 5.Nc3 Qc7 6.Be3 a6 7.Bd3 b5 8.a3 Ne5
9.O-O Bb7 10.f4 Nc4 11.Bxc4 Qxc4 12.f5 Nf6 13.Qf3 Bd6 14.Rad1 Be5 15.g4 h6
16.Rd2 O-O 17.h4 exf5 18.Qxf5 Rae8 19.g5 Nxe4 20.Nxe4 Bxe4 21.Qxd7 Rd8 22.Qg4 Bxd4
23.Qxe4 Rfe8 24.Qxd4 Rxd4 25.Bxd4 Re4 26.c3 Rxh4 27.Rg2 Rh1+  0-1

[Event "St Petersburg-ch"]
[Site "St Petersburg"]
[Date "1997.03.09"]
[Round "5"]
[White "Malofeev, Alex"]
[Black "Cherepkov, Alexander V"]
[Result "0-1"]
[WhiteElo "2265"]
[BlackElo "2395"]

1.e4 c5 2.Nf3 e6 3.d4 cxd4 4.Nxd4 Nc6 5.Nc3 Qc7 6.Be2 a6 7.O-O Nf6 8.Be3 Bb4
9.Na4 b5 10.Nxc6 dxc6 11.Bc5 bxa4 12.Bxb4 c5 13.Ba3 Nxe4 14.Bf3 Bb7 15.c3 O-O
16.Qxa4 Bc6 17.Qc2 Nf6 18.Bxc6 Qxc6 19.Rad1 Rfd8 20.c4 Ng4 21.Qe2 Nh6 22.Qe3 Rdc8
23.Rfe1 Nf5 24.Qe5 h5 25.b3 a5 26.Rd3 a4 27.Bb2 axb3 28.Rg3 f6 29.Qxf6 Qd7
30.Rg5 Rxa2 31.g4 hxg4 32.Rxe6 Rf8 33.Qe5 Qd1+ 34.Kg2 Nh4+ 35.Kg3 Qf3+  0-1

[Event "RUS-Cup6"]
[Site "Krasnodar"]
[Date "1997.03.11"]
[Round "1"]
[White "Ulibin, Mikhail"]
[Black "Popov, Roman"]
[Result "1-0"]
[WhiteElo "2555"]
[BlackElo "2365"]

1.e4 c5 2.Nf3 e6 3.d4 cxd4 4.Nxd4 Nc6 5.Nc3 Qc7 6.f4 a6 7.Nb3 d6 8.Bd3 Nf6
9.Be3 Be7 10.O-O O-O 11.g4 Re8 12.g5 Nd7 13.Qh5 Bf8 14.e5 g6 15.exd6 Bxd6
16.Qh4 Ne7 17.Rf3 Nf5 18.Bxf5 exf5 19.Bd4 h5 20.gxh6 Kh7 21.Nd5 Qd8 22.Bf6 Nxf6
23.Qxf6  1-0

[Event "RUS-Cup6"]
[Site "Krasnodar"]
[Date "1997.03.13"]
[Round "3"]
[White "Minasian, Ara"]
[Black "Tregubov, Pavel V"]
[Result "1/2-1/2"]
[WhiteElo "2440"]
[BlackElo "2525"]

1.e4 c5 2.Nf3 e6 3.d4 cxd4 4.Nxd4 Nc6 5.Nc3 Qc7 6.g3 a6 7.Bg2 d6 8.O-O Bd7
9.Re1 Be7 10.Nxc6 Bxc6 11.Qg4 h5 12.Qe2 h4 13.a4 hxg3 14.hxg3 Nf6 15.Bf4 Rc8
16.Rad1 e5 17.Bg5 Qd7 18.Bxf6 Bxf6 19.b3 Bd8 20.Rd3 Bb6 21.Red1 Rh6 22.R1d2 Bc5
23.Nd1 f5 24.exf5 Bxg2 25.Kxg2 Qxf5 26.Qf3 Qh3+ 27.Kg1 Qh2+ 28.Kf1 Qh1+ 29.Qxh1 Rxh1+
30.Kg2 Re1 31.Ne3 e4 32.Rc3 Bxe3 33.Rxe3 Rxe3 34.fxe3 Rc3 35.Rxd6 Rxe3 36.Rb6 Re2+
37.Kf1 Rxc2  1/2-1/2

[Event "JUG-ch playoff"]
[Site "Belgrade"]
[Date "1997.04.22"]
[Round "5"]
[White "Popovic, Petar"]
[Black "Ivanisevic, Ivan"]
[Result "0-1"]
[WhiteElo "2545"]
[BlackElo "2450"]

1.e4 c5 2.Nf3 e6 3.d4 cxd4 4.Nxd4 Nc6 5.Nc3 Qc7 6.g3 a6 7.Bg2 Nf6 8.O-O Bc5
9.Bf4 Ne5 10.Bxe5 Qxe5 11.Nf3 Qc7 12.e5 Ng4 13.Qe2 f6 14.exf6 Nxf6 15.Ne4 Be7
16.c4 O-O 17.Nfg5 Rb8 18.Rad1 b5 19.c5 b4 20.Nxf6+ gxf6 21.Ne4 Rb5 22.Qg4+ Kh8
23.Qh4 Bxc5 24.Nxf6 d5 25.Ng4 Qg7 26.Qh5 Ra5 27.Ne5 Rxa2 28.Rc1 Bd4 29.Bxd5 Ra5
30.Rxc8 Rxc8 31.Nf7+ Kg8 32.Nh6+ Kf8 33.Qf3+ Qf6 34.Qg4 Rxd5 35.Qg8+ Ke7
36.Qxc8 Qxh6 37.Qxa6 Qd2 38.Qb7+ Kf6 39.Qxh7 Rf5 40.g4 Bxf2+  0-1

[Event "FRA-chT9697 final"]
[Site "Clichy"]
[Date "1997.05.02"]
[Round "9"]
[White "Tirard, Hugo"]
[Black "Beikert, Guenther"]
[Result "0-1"]
[WhiteElo "2365"]
[BlackElo "2435"]

1.e4 c5 2.Nf3 e6 3.d4 cxd4 4.Nxd4 Nc6 5.Nc3 Qc7 6.Be3 a6 7.Bd3 b5 8.O-O Bb7
9.Qe2 Nf6 10.Kh1 Be7 11.f4 d6 12.a3 O-O 13.g4 Nd7 14.g5 Nxd4 15.Bxd4 f5 16.Rae1 Nc5
17.b4 Nxd3 18.cxd3 Rae8 19.Qa2 Bd8 20.Kg1 fxe4 21.Nxe4 Bd5 22.Qb2 e5 23.fxe5 dxe5
24.Rxf8+ Rxf8 25.Bxe5 Qd7 26.Qd4 Qg4+ 27.Bg3 Qe6 28.Bd6 Rf5 29.Rf1 Bxe4 30.dxe4 Rxf1+
31.Kxf1 Bxg5 32.Qd3 Qf7+ 33.Kg2 Qc4 34.Qf3 Qa2+ 35.Kg3 Qf7 36.Qd3 h5 37.h4 Bc1
38.Be5 Qg6+ 39.Kf2 Qg4 40.Bg3 Bf4 41.e5 Bxg3+ 42.Qxg3 Qd4+ 43.Kf3 Kh7 44.Qg5 Qd5+
45.Ke3 Qb3+ 46.Kd4 Qc4+ 47.Ke3 Qc1+ 48.Ke4 Qxg5 49.hxg5 Kg8 50.Kf5 Kf7  0-1

[Event "RUS-ch m1-2"]
[Site "Elista"]
[Date "1997.05.19"]
[Round "1.1"]
[White "Maiorov, Oleg"]
[Black "Fominyh, Alexander"]
[Result "1/2-1/2"]
[WhiteElo "2435"]
[BlackElo "2545"]

1.e4 c5 2.Nf3 Nc6 3.d4 cxd4 4.Nxd4 e6 5.Nc3 Qc7 6.Be3 a6 7.Bd3 b5 8.O-O Bb7
9.Nb3 Ne5 10.f4 Nc4 11.Bd4 Ne7 12.Bxc4 bxc4 13.Nc5 Nc6 14.Be3 Rb8 15.b3 Bc8
16.Qe2 Na5 17.Qf2 Be7 18.Rab1 O-O 19.b4 Nc6 20.a3 d6 21.N5a4 f5 22.exf5 Rxf5
23.Nb6 Bb7 24.b5 axb5 25.Nxb5 Qd8 26.Rfd1 e5 27.Nxd6 Bxd6 28.Nxc4 Rf6 29.Bc5 Rxf4
30.Rxd6 Qe8 31.Qd2 Rxc4 32.Qd5+ Qf7 33.Qxc6 Bxc6 34.Rxb8+ Be8 35.Rdd8 h6
36.Rxe8+ Kh7 37.Rh8+ Kg6 38.Rb6+ Kh5 39.Be3 Re4 40.Rb3 Qd5 41.Rd3 Qc4 42.Rhd8 Qxc2
43.h3 Kg6 44.R8d7 Kh7 45.Kh2 Rh4 46.Bd2 Qa4 47.Re7 Qc6 48.Rg3 Qf6 49.Rexg7+ Qxg7
50.Rxg7+ Kxg7 51.g4 h5 52.Be1 Rxh3+ 53.Kxh3 hxg4+  1/2-1/2

[Event "RUS-ch m1-2"]
[Site "Elista"]
[Date "1997.05.20"]
[Round "1.2"]
[White "Ulibin, Mikhail"]
[Black "Averkin, Orest N"]
[Result "1-0"]
[WhiteElo "2555"]
[BlackElo "2425"]

1.e4 c5 2.Nf3 e6 3.d4 cxd4 4.Nxd4 Nc6 5.Nc3 Qc7 6.f4 a6 7.Nb3 d6 8.Bd3 Nf6
9.Be3 b5 10.Qf3 Bb7 11.O-O Be7 12.a4 b4 13.Nb1 O-O 14.N1d2 Na5 15.Qg3 Nxb3
16.cxb3 Rac8 17.Kh1 g6 18.f5 Nh5 19.Qh3 exf5 20.exf5 Bf6 21.Rad1 Qe7 22.Rde1 Rfe8
23.Nc4 Qd8 24.fxg6 hxg6 25.Bb6 Rxe1 26.Bxd8 Rxf1+ 27.Bxf1 Rxd8 28.Qe3 d5
29.Na5 d4 30.Qd3 Bc8 31.Qf3 Be6 32.Bc4 Bxc4 33.Nxc4 Bg7 34.g4 Nf6 35.Ne5 Rd5
36.Nd3 a5 37.h4 g5 38.h5 Kh7 39.Kg2 Kh6 40.Kh3 Kh7 41.Qe2 Bf8 42.Qc2 Kg7
43.Qc7 Bd6 44.h6+  1-0

[Event "Leon"]
[Site "Leon"]
[Date "1997.06.06"]
[Round "2"]
[White "De la Villa Garcia, Jesus Maria"]
[Black "Sion Castro, Marcelino"]
[Result "1/2-1/2"]
[WhiteElo "2495"]
[BlackElo "2440"]

1.e4 c5 2.Nf3 e6 3.d4 cxd4 4.Nxd4 Nc6 5.Nc3 a6 6.Be2 Nge7 7.Bf4 Ng6 8.Nxc6 bxc6
9.Bd6 Bxd6 10.Qxd6 Qe7 11.O-O-O Qxd6 12.Rxd6 Ke7 13.Rhd1 Nf4 14.Bf3 Nd5 15.exd5 Kxd6
16.dxc6+ Kc7 17.cxd7 Bb7 18.Bxb7 Kxb7 19.Ne4 Rhd8 20.Nd6+ Kc7 21.Ne8+ Kc6
22.Rd6+ Kc5 23.b4+ Kxb4 24.Rb6+ Kc5 25.Rb7 Rab8 26.Rc7+ Kb6 27.g3 h6 28.h4 Rb7
29.Rc3 Rbxd7 30.Nxg7 Rd1+ 31.Kb2 R1d5 32.Rf3 Rb5+ 33.Kc1 Rd7 34.Ne8 f5 35.Re3 e5
36.Nf6 Rd6 37.Nh5 Rd4 38.Rf3 f4 39.g4 Re4 40.Nf6 Re1+ 41.Kd2 Rh1 42.h5  1/2-1/2

[Event "Leon"]
[Site "Leon"]
[Date "1997.06.08"]
[Round "4"]
[White "Nunn, John DM"]
[Black "Sion Castro, Marcelino"]
[Result "1/2-1/2"]
[WhiteElo "2605"]
[BlackElo "2440"]

1.e4 c5 2.Nf3 e6 3.d4 cxd4 4.Nxd4 Nc6 5.Nc3 a6 6.Be2 Qc7 7.f4 b5 8.Nxc6 Qxc6
9.Bf3 Bb7 10.e5 Qc7 11.Ne4 Nh6 12.Be3 Nf5 13.Bf2 h5 14.O-O h4 15.a4 b4 16.c3 Rc8
17.Rc1 Qb8 18.Qd3 Be7 19.cxb4 Bxb4 20.Rfd1 O-O 21.Qxd7 Rxc1 22.Rxc1 Bxe4
23.Bxe4 Rd8 24.Qb7 Bd2 25.Qxb8 Rxb8 26.Rc4 Rxb2 27.Bxf5 exf5 28.Kf1 a5 29.Bxh4 Bb4
30.h3 Rb1+ 31.Ke2 Rb2+ 32.Kf3 Rb3+ 33.Ke2 Rb2+ 34.Kf3  1/2-1/2

[Event "RUS-Cup9"]
[Site "Novgorod"]
[Date "1997.06.13"]
[Round "3"]
[White "Gavrilov, Andrei"]
[Black "Nadezhdin, Dmitry"]
[Result "0-1"]
[WhiteElo "2230"]
[BlackElo "2210"]

1.e4 c5 2.Nf3 e6 3.d4 cxd4 4.Nxd4 Nc6 5.Nc3 a6 6.a3 Nge7 7.Be3 Nxd4 8.Bxd4 b5
9.Bd3 Nc6 10.Be3 Bb7 11.O-O Qc7 12.f4 Na5 13.f5 Bc5 14.Bxc5 Qxc5+ 15.Kh1 Qe5
16.Qf3 O-O 17.Qg4 f6 18.Rad1 Rac8 19.Ne2 Rf7 20.b3 Nc4 21.bxc4 bxc4 22.Ng3 cxd3
23.cxd3 Qd6 24.Rb1 Bc6 25.d4 e5 26.dxe5 Qxe5 27.Rfc1 Re8 28.Rb4 Rfe7 29.Qe2 Bb5
30.Qa2+ Kh8 31.a4 Bc6 32.Rbc4 Qa5 33.Qc2 Re5 34.h3 Qb6 35.Qd3 Ra5 36.Qd6 Qb8
37.Qa3 Qf4 38.Kg1 Rxa4 39.Rxa4 Bxa4 40.Re1 Bb5 41.Qc3 Qe5 42.Rc1 Qxc3 43.Rxc3 Kg8
44.Kf2 Kf8 45.Ke3 a5 46.Kd4 a4 47.h4 Ra8 48.Ra3 Rc8 49.Nh5 Rc4+ 50.Kd5 Rb4
51.Kc5 Rb3 52.Ra2 Bc6 53.Nf4 Re3 54.Ne6+ dxe6 55.Kxc6 Rxe4 56.fxe6 Rxe6+
57.Kd5 Re5+ 58.Kd4 Ra5 59.Ra3 Kf7 60.Kc4 Kg6 61.Kb4 Ra8 62.Kc5 Kh5 63.g3 Kg4
64.Kd6 h5 65.Ke6 Ra6+ 66.Kd5 f5 67.Ke5 Ra5+ 68.Ke6 f4 69.gxf4 Kxf4 70.Kf7 Ra7+
71.Kg6 Kg4 72.Ra1 a3 73.Ra2 Kxh4 74.Kf5 Kg3  0-1

[Event "Drury Lane"]
[Site "London"]
[Date "1997.06.16"]
[Round "1"]
[White "McDonald, Neil R"]
[Black "Emms, John M"]
[Result "0-1"]
[WhiteElo "2490"]
[BlackElo "2535"]

1.e4 c5 2.Nf3 e6 3.d4 cxd4 4.Nxd4 Nc6 5.Nc3 Qc7 6.Be2 a6 7.O-O Nf6 8.Kh1 Nxd4
9.Qxd4 Bc5 10.Qd3 b5 11.f4 Bb7 12.Bf3 h5 13.e5 Ng4 14.Bxb7 Qxb7 15.Ne4 Be7
16.Be3 Rc8 17.Bg1 Nh6 18.c3 Nf5 19.Rfe1 h4 20.h3 O-O 21.Rad1 Rfd8 22.Qf3 Qb8
23.b3 d5 24.exd6 Bxd6 25.Nxd6 Rxd6 26.Rxd6 Qxd6 27.Rd1 Qa3 28.Qb7 Rf8 29.c4 Qxa2
30.c5 Qxb3 31.Qd7 Qc2 32.c6 b4 33.c7 b3 34.Kh2 b2 35.Bb6 b1=Q 36.Rxb1 Qxb1
37.c8=Q Rxc8 38.Qxc8+ Kh7 39.Qxa6 Qb4 40.Bc7 Qe1 41.Qd3 Qc1 42.Be5 f6 43.Bb8 Qe1
44.Ba7 Kg6 45.Bb6 Qg3+ 46.Qxg3+ hxg3+ 47.Kg1 Ne7  0-1